000 00372nam a2200157Ia 4500
008 210210b1941 xxu||||| |||| 00| 0 eng d
041 _aeng
082 _a825/438
100 _aHOUSE (Humphry)
245 _aDickens world
260 _aLondon
_bOxford University Press
_c1941
650 _aworld
650 _aDickens
690 _aEnglish Criticism
906 _a014754
999 _c133973
_d133973